Statistics for Projected Populations of Cities in Washington >100,000 People (2200)

Click here to take the quiz!

General Stats

  • This quiz has been taken 9 times
  • The average score is 26 of 51

Answer Stats

HintAnswer% Correct
692,605Bellevue
100%
283,995Bellingham
100%
248,813Everett
100%
313,648Federal Way
100%
222,542Olympia
100%
395,844Renton
100%
3,022,146Seattle
100%
592,742Spokane
100%
601,036Tacoma
100%
722,657Vancouver
100%
203,598Yakima
100%
399,784Auburn
80%
956,112Kent
80%
266,256Marysville
80%
425,719Redmond
80%
114,134SeaTac
80%
160,495Shoreline
80%
343,551Spokane Valley
80%
148,533Bremerton
60%
265,387Kennewick
60%
905,808Kirkland
60%
162,256Lakewood
60%
151,707Puyallup
60%
184,553Richland
60%
100,685Wenatchee
60%
319,553Bothell
40%
121,542Bothell West
40%
216,974Issaquah
40%
189,929Lacey
40%
112,675Moses Lake
40%
395,526Pasco
40%
469,299Sammamish
40%
289,921South Hill
40%
116,278Bonney Lake
20%
125,069Bothell East
20%
400,791Burien
20%
103,576Gig Harbor
20%
202,122Graham
20%
174,740Lake Stevens
20%
125,528Maple Valley
20%
178,684Orchards
20%
115,102Ridgefield
20%
149,838Camas
0%
139,031Frederickson
0%
159,039Lake Stickney
0%
135,905Martha Lake
0%
196,161Mill Creek East
0%
137,770North Lynwood
0%
187,076Spanaway
0%
173,100Tumwater
0%
102,218University Place
0%

Score Distribution

Percentile by Number Answered

Percent of People with Each Score

Your Score History

You have not taken this quiz